La visión privatista del derecho concursal
Saved in:
| Main Author: | |
|---|---|
| Format: | Book |
| Language: | Spanish |
| Published: |
Santiago
Thomson Reuters
2015
|
| Edition: | 1a. ed |
| Subjects: | |
| Online Access: | Disponible Online en Thomson Proview |
| Tags: |
Add Tag
No Tags, Be the first to tag this record!
|
MARC
| LEADER | 00000cam a2200000 a 4500 | ||
|---|---|---|---|
| 001 | UCE8284 | ||
| 003 | CL-VaPUC | ||
| 005 | 20230831171744.0 | ||
| 008 | 150728e20150000cl |||||||||||||||||spa|d | ||
| 999 | |c 360218 |d 360216 | ||
| 020 | |a 9789563466782 | ||
| 040 | |c Pontificia Universidad Católica de Valparaíso | ||
| 082 | 0 | 4 | |a 346.83078 |b GOL |2 21 |
| 100 | |a Goldenberg Serrano, Juan Luis |9 856326 | ||
| 245 | 1 | 3 | |a La visión privatista del derecho concursal |
| 250 | |a 1a. ed | ||
| 260 | |a Santiago |b Thomson Reuters |c 2015 | ||
| 300 | |a 245 p | ||
| 583 | |a last modification |c 20150728 02:04:00 |k Rodrigo Vera | ||
| 650 | 7 | |a CESACION DE PAGOS |2 CL-VaPUC |9 437393 | |
| 650 | 0 | |a Derecho y legislación |9 255077 | |
| 650 | 0 | |a Derecho concursal |9 374010 | |
| 856 | |u https://pucv.idm.oclc.org/login?url=https://proview.thomsonreuters.com/library.html?sponsor=IPPUCV-2 |y Disponible Online en Thomson Proview | ||
| 942 | |c BK |2 ddc | ||
| 945 | |d 20150728 02:04:00 |a gsalatino | ||
| 952 | |0 0 |1 0 |3 erb |4 0 |6 346_830780000000000_GOL_2015 |7 0 |8 A |9 469872 |a BIBDER |b BIBDER |i 5191165 |l 7 |m 3 |o 346.83078 GOL 2015 |p 5191165 |r 2024-09-02 |s 2024-08-27 |w 2019-11-23 |y BK |z Catalogado en:20150728 |k DER | ||